[Event "Fagernes TV 2 Elo op"]
[Site "Fagernes"]
[Date "2016.01.01"]
[Round "7"]
[White "Narheim, Mats"]
[Black "Hanes, Sturle"]
[Result "1/2-1/2"]
[WhiteElo "1356"]
[BlackElo "1214"]
[PlyCount "80"]
[EventDate "2015.12.27"]
[EventType "swiss"]
[EventRounds "9"]
[EventCountry "NOR"]
[SourceTitle "CBM 170 Extra"]
[Source "ChessBase"]
[SourceDate "2016.02.25"]
[SourceVersion "1"]
[SourceVersionDate "2016.02.25"]
[SourceQuality "1"]

1. e4 c5 2. Nc3 Nc6 3. Bb5 d6 4. Bxc6+ bxc6 5. f4 g6 6. d3 Bg7 7. Nf3 Bg4 8. h3 Bd7 9. Be3 e6 10. Qd2 Ne7 11. 0-0 0-0 12. Qf2 f6 13. e5 Nf5 14. exd6 Nxe3 15. Qxe3 Qb8 16. Qxc5 Qb6 17. Qxb6 axb6 18. Rfe1 Rfe8 19. d4 Bf8 20. Ne4 Kg7 21. c4 f5 22. Ne5 Rad8 23. Ng5 Bxd6 24. Nxd7 Rxd7 25. Nxe6+ Kf6 26. Ng5 Rxe1+ 27. Rxe1 Bxf4 28. Nf3 Ra7 29. a3 Ra4 30. c5 bxc5 31. dxc5 Rc4 32. b4 Rc1 33. Rxc1 Bxc1 34. Nd4 Be3+ 35. Kf1 Bxd4 36. a4 Bc3 37. b5 cxb5 38. axb5 Bd4 39. g4 Bxc5 40. gxf5 gxf5 1/2-1/2

[Event "Fagernes TV 2 Elo op"]
[Site "Fagernes"]
[Date "2015.12.31"]
[Round "6"]
[White "Hanes, Sturle"]
[Black "Hina, Ariza"]
[Result "1-0"]
[WhiteElo "1214"]
[BlackElo "1364"]
[PlyCount "89"]
[EventDate "2015.12.27"]
[EventType "swiss"]
[EventRounds "9"]
[EventCountry "NOR"]
[SourceTitle "CBM 170 Extra"]
[Source "ChessBase"]
[SourceDate "2016.02.25"]
[SourceVersion "1"]
[SourceVersionDate "2016.02.25"]
[SourceQuality "1"]

1. c4 c5 2. Nc3 Nc6 3. e4 Nf6 4. Nf3 e5 5. d3 d6 6. Be2 Be7 7. 0-0 Bg4 8. Be3 0-0 9. h3 Bh5 10. Kh1 Bxf3 11. Bxf3 Nd4 12. Bxd4 exd4 13. Ne2 Nd7 14. Ng3 g6 15. Qe1 Ne5 16. Be2 Bh4 17. Qd2 Kg7 18. b4 a5 19. b5 b6 20. a4 h5 21. Kh2 Re8 22. f4 Nd7 23. Nh1 Kh7 24. g3 Bf6 25. Bf3 Rb8 26. Rae1 h4 27. g4 g5 28. Kg2 Kg7 29. Nf2 Nf8 30. e5 dxe5 31. Bc6 Re6 32. f5 Rxc6 33. bxc6 Qc7 34. Ne4 Qxc6 35. Ra1 Nd7 36. Kh2 Rd8 37. Nxg5 Nb8 38. Ne4 Na6 39. g5 Be7 40. f6+ Bxf6 41. gxf6+ Kf8 42. Rf5 Qe6 43. Qg5 Nb4 44. Rxe5 Qxe5+ 45. Qxe5 1-0

[Event "Oslo op-B"]
[Site "Oslo"]
[Date "2014.09.28"]
[Round "4"]
[White "Landsverk, Ida"]
[Black "Hanes, Sturle"]
[Result "1/2-1/2"]
[WhiteElo "1359"]
[BlackElo "1309"]
[PlyCount "60"]
[EventDate "2014.09.28"]
[EventType "swiss"]
[EventRounds "9"]
[EventCountry "NOR"]
[SourceTitle "EXT 2017"]
[Source "ChessBase"]
[SourceDate "2016.10.25"]
[SourceVersion "1"]
[SourceVersionDate "2016.10.25"]
[SourceQuality "1"]

1. c4 e6 2. g3 Nf6 3. Bg2 g6 4. Nf3 Bg7 5. 0-0 0-0 6. Nc3 c6 7. b3 d5 8. Bb2 Re8 9. d4 Na6 10. Re1 Qc7 11. e4 dxe4 12. Nxe4 Nxe4 13. Rxe4 c5 14. Qd2 b6 15. d5 Rd8 16. Bxg7 Kxg7 17. Qc3+ Kg8 18. Rae1 Qe7 19. Ne5 Bd7 20. Rf4 Rab8 21. Nxf7 Qxf7 22. Rxf7 Kxf7 23. Qe5 Re8 24. Qf4+ Kg7 25. d6 Rf8 26. Qe3 Rbe8 27. Bh3 Nb8 28. Qe4 Nc6 29. Qd3 Nd4 30. Qe4 Nf3+ 1/2-1/2